000 00941nam a22002417a 4500
005 2010080202282.0
010 _aENG-97574
020 _a9788184501971
_c1400.00
035 _aEN-81107
037 _bDBAD/PUB
082 _a362.10954
100 _aGoel, S. L.
_94269
245 _aManagement techniques and good governance in health care system and hospital administration /
_cby S. L. Goel
260 _aNew Delhi
_bDeep & Deep Publications
_c2010
270 _aF-159, Rajouri Garden
_bNew Delhi
_e110018
300 _axiii,309p.:
_bill.
_c25cm (Hb)
500 _aIncludes bibliographical references and index
650 _aHealth Services Administration
_94270
650 _aMedical Care
_94271
650 _aMedical Policy
_94272
942 _2ddc
_cEN
_h362.10954
_mGOE
999 _c38677
_d38677